Analysis of Investments and management portfolios / (Record no. 11121)
[ view plain ]
| 000 -LEADER | |
|---|---|
| fixed length control field | 01038nam a22003015a 4500 |
| 001 - CONTROL NUMBER | |
| control field | 15401226 |
| 005 - DATE AND TIME OF LATEST TRANSACTION | |
| control field | 20201128020713.0 |
| 008 - FIXED-LENGTH DATA ELEMENTS--GENERAL INFORMATION | |
| fixed length control field | 080806s2008 mnu 000 0 eng |
| 010 ## - LIBRARY OF CONGRESS CONTROL NUMBER | |
| LC control number | 2008934727 |
| 020 ## - INTERNATIONAL STANDARD BOOK NUMBER | |
| International Standard Book Number | 9780324658422 (pbk.) |
| 020 ## - INTERNATIONAL STANDARD BOOK NUMBER | |
| International Standard Book Number | 0324658427 |
| 040 ## - CATALOGING SOURCE | |
| Original cataloging agency | DLC |
| Transcribing agency | DLC |
| 082 ## - DEWEY DECIMAL CLASSIFICATION NUMBER | |
| Edition number | 22 |
| Classification number | 332.6 |
| Item number | BRO |
| 100 1# - MAIN ENTRY--PERSONAL NAME | |
| Personal name | Brown, Keith C. |
| 9 (RLIN) | 2814 |
| 245 10 - TITLE STATEMENT | |
| Title | Analysis of Investments and management portfolios / |
| Statement of responsibility, etc | Frank K. Reilly, Keith C. Brown. |
| 250 ## - EDITION STATEMENT | |
| Edition statement | 9th ed. |
| Remainder of edition statement | International student edition. |
| 260 ## - PUBLICATION, DISTRIBUTION, ETC. (IMPRINT) | |
| Place of publication, distribution, etc | Eagan, MN : |
| Name of publisher, distributor, etc | South-Western Cengage Learning, |
| Date of publication, distribution, etc | c2009. |
| 263 ## - PROJECTED PUBLICATION DATE | |
| Projected publication date | 0811 |
| 300 ## - PHYSICAL DESCRIPTION | |
| Extent | xxiv, 1041 p. : |
| Other physical details | ill. ; |
| Dimensions | 26 cm. |
| 500 ## - GENERAL NOTE | |
| General note | Previous ed. published as: Investment analysis and portfolio management. Mason, OH : Thomson/South-Western, 2006. |
| 504 ## - BIBLIOGRAPHY, ETC. NOTE | |
| Bibliography, etc | Bibliography:p.995-1012 and index |
| 650 ## - SUBJECT ADDED ENTRY--TOPICAL TERM | |
| 9 (RLIN) | 2032 |
| Topical term or geographic name as entry element | Portfolio management |
| 650 ## - SUBJECT ADDED ENTRY--TOPICAL TERM | |
| 9 (RLIN) | 1288 |
| Topical term or geographic name as entry element | Investment analysis |
| 650 ## - SUBJECT ADDED ENTRY--TOPICAL TERM | |
| 9 (RLIN) | 2812 |
| Topical term or geographic name as entry element | Investments |
| 700 1# - ADDED ENTRY--PERSONAL NAME | |
| 9 (RLIN) | 2813 |
| Personal name | Reilly, Frank K. |
| 942 ## - ADDED ENTRY ELEMENTS (KOHA) | |
| Source of classification or shelving scheme | Dewey Decimal Classification |
| Item type | NB - Book (Non borrowing) |
| Withdrawn status | Item status | Source of classification or shelving scheme | Damaged status | Not for loan | Vendor | Home library | Current library | Shelving location | Date acquired | Source of acquisition | Total Checkouts | Full call number | Barcode | Date last seen | Date last borrowed | Koha item type | Materials specified (bound volume or other part) | Total Renewals |
|---|---|---|---|---|---|---|---|---|---|---|---|---|---|---|---|---|---|---|
| Dewey Decimal Classification | Baccah | Central Library | Central Library | First floor | 25/03/2009 | 2 | 332.6 BRO | 000015709 | 15/07/2025 | 27/02/2013 | NB - Book (Non borrowing) | |||||||
| Dewey Decimal Classification | Damaged | Baccah | Central Library | Central Library | First floor | 25/03/2009 | 14 | 332.6 BRO | 000015725 | 15/01/2018 | 11/01/2018 | Book - Borrowing | BOX01 | 60 | ||||
| Dewey Decimal Classification | Baccah | Central Library | Central Library | First floor | 25/03/2009 | 20 | 332.6 BRO | 000015711 | 15/07/2025 | 19/09/2019 | Book - Borrowing | 96 |